000 00586nam a2200181Ia 4500
008 151202s9999||||xx |||||||||||||| ||und||
082 _bPNVM-13053
100 _aकर्वे चिं. श्री.
245 _aनिळे आकाश.
260 _b"कॉन्टिनेंटल प्रकाशन,पुणे."
260 _c0
300 _a139
600 _aकर्वे चिं. श्री.
630 _aनिळे आकाश.
700 _aकर्वे चिं. श्री.
730 _aनिळे आकाश.
942 _cBOOK
999 _c1279040
_d1279037